<?xml version="1.0" encoding="UTF-8"?>
<marc:record xmlns:marc="http://www.loc.gov/MARC21/slim">
   <marc:leader>00000nam a2200000 a 4500</marc:leader>
   <marc:datafield ind1="1" ind2=" " tag="100">
      <marc:subfield code="a">Robb, Bruce</marc:subfield>
      <marc:subfield code="4">aut</marc:subfield>
      <marc:subfield code="e">Verfasser/-in</marc:subfield>
   </marc:datafield>
   <marc:datafield ind1="1" ind2=" " tag="100">
      <marc:subfield code="a">Alexandre, Erica</marc:subfield>
      <marc:subfield code="4">aut</marc:subfield>
      <marc:subfield code="e">Verfasser/-in</marc:subfield>
   </marc:datafield>
   <marc:datafield ind1="1" ind2=" " tag="100">
      <marc:subfield code="a">Gelfand, James</marc:subfield>
      <marc:subfield code="4">aut</marc:subfield>
      <marc:subfield code="e">Verfasser/-in</marc:subfield>
   </marc:datafield>
   <marc:datafield ind1="1" ind2=" " tag="100">
      <marc:subfield code="a">Rossin, Nathalie</marc:subfield>
   </marc:datafield>
   <marc:datafield ind1="0" ind2="0" tag="245">
      <marc:subfield code="a">Landmaus und Stadtmaus auf Reisen - Staffel 1 - Folge 15: Theater in New York</marc:subfield>
   </marc:datafield>
   <marc:datafield ind1="0" ind2="0" tag="245">
      <marc:subfield code="c">Drehbuch: Bruce Robb, Erica Alexandre; Regie: Marcos da Silva, Rémy Husson; Musik: James Gelfand; Produktion: Peter Hille, Cassandra Schafhausen; Montage: Nathalie Rossin</marc:subfield>
   </marc:datafield>
   <marc:datafield ind1=" " ind2="1" tag="264">
      <marc:subfield code="a">Potsdam</marc:subfield>
      <marc:subfield code="b">filmwerte GmbH</marc:subfield>
      <marc:subfield code="c">2022</marc:subfield>
   </marc:datafield>
   <marc:datafield ind1="1" ind2=" " tag="520">
      <marc:subfield code="a">Emily und Alexander besuchen ihren Onkel Satchey in New York am Theater. Dieses ist schäbig, die Vorstellungen schlecht und die Zuschauer bleiben aus. Deswegen soll es auch bald geschlossen werden, und dann sind alle Künstler arbeitslos. Satcheys Freund ist Benny, der in einer Show als Sänger auftritt, weil sein Vater, der Besitzer des Theaters, es so will. Plötzlich tauchen 2 Ganoven auf, die sich vom Theater aus einen Tunnel in die nebenan gelegene Bank sprengen wollen. Als Bennys Vater die beiden dabei entdeckt, wird er kurzer hand entführt. Doch Benny und die Mäuse können den Vater, die Vorstellung und sogar das Theater retten.</marc:subfield>
   </marc:datafield>
   <marc:datafield ind1=" " ind2=" " tag="041">
      <marc:subfield code="a">ger</marc:subfield>
   </marc:datafield>
   <marc:datafield ind1=" " ind2=" " tag="300">
      <marc:subfield code="a">1 Online-Ressource (23 min), Bild: 16:9 HD</marc:subfield>
   </marc:datafield>
</marc:record>
